000 01905cam a2200301 i 4500
003 DO-SdBNP
005 20250702101133.0
007 ta
008 751003s2017 sp a 000 f spa d
020 _a9788415973904
040 _aDO-SdBNP
_bspa
_cBNPHU
_erda
082 4 _222
100 _aPoe, Edgar Allan,
_d1809-1849
_99903
245 1 0 _aDiez cuentos de terror /
_cEdgar Allan Poe ; ilustraciones María Espejo ; traducción Susana Carral ; prólogo Luis Alberto de Cuenca
264 1 _aMadrid, España :
_bReino de Cordelia,
_c2017.
300 _a229 páginas
_c22 cm.
336 _2rdacontent
_atexto
_btxt
337 _2rdamedia
_asin mediación
_bn
338 _2rdacarrier
_avolumen
_bnc
500 _aIncluye datos biográficos del autor y la ilustradora en la solapa de la portada.
520 _aPara muchos, los relatos de terror de Poe se hallan entre "los mejores cuentos del mundo". Influido por la moda de su época y por las pesadillas que sufrió desde su adolescencia, esconde en ellos una atmósfera macabra y enfermiza que contamina el ánimo de todos los lectores. Luis Alberto de Cuenca ha seleccionado los que a su juicio son los diez cuentos más terroríficos de Edgar Allan Poe, los más rotundos y perturbadores, para que María Espejo los ilustre a color con todo detalle. La lista la componen Berenice, Ligeia, La caída de la casa Usher, La máscara de la muerte roja, El pozo y el péndulo, El corazón delator, El gato negro, El entierro prematuro, La verdad sobre el caso del Sr. Valdemar y El barril de amortillado. El horror en estado puro, un territorio que rinde homenaje al sadismo necrófilo de un clásico.
590 _aInventariado, 2023/ YL
700 1 _aEspejo, María
_eilustraciones
_984386
_d1981-
700 1 _aCarral, Susana
_etraducción
_942669
700 1 _aCuenca, Luis Alberto de
_eprólogo
_943244
910 _aYlockward
942 _2ddc
_cLBS1
999 _c55084
_d55084